Ten Southernmost Megacities - Statistics

General Stats
  • This quiz has been taken 56,711 times
    6,667 since last reset
  • The average score is 8 of 10
Answer Stats
Latitude Megacity % Correct
34.6° S Buenos Aires
97%
22.9° S Rio de Janeiro
96%
23.6° S São Paulo
95%
26.2° S Johannesburg
94%
6.1° S Jakarta
92%
12.0° S Lima
83%
4.4° S Kinshasa
79%
4.7° N Bogotá
73%
6.5° N Lagos
65%
8.8° S Luanda
62%
No matching quizzes found
Score Distribution
Percent of People with Each Score
Percentile by Number Answered
Your Score History
You have not taken this quiz since the last reset